| 000 | 00522nam a2200229Ia 4500 | ||
|---|---|---|---|
| 003 | IT-RoPAU | ||
| 008 | 120407s9999 xx 000 0 und d | ||
| 040 | _aIT-RoPAU | ||
| 040 | _cIT-RoPAU | ||
| 041 | _alat | ||
| 100 | _aLudovicus Wouters | ||
| 245 | _aTractatus dogmatico-moralis de virtute castitatis et de vitiis oppositis. | ||
| 250 | _aTorino | ||
| 260 | _aMarietti | ||
| 260 | _c1932 | ||
| 300 | _a142 p. | ||
| 300 | _c25 cm | ||
| 490 | _v1 | ||
| 600 | _a1. Castità . | ||
| 942 | _cBK | ||
| 999 |
_c25689 _d25689 |
||